|
|
|
|
| LEADER |
00664nam a22001817a 4500 |
| 005 |
20200624133648.0 |
| 008 |
170308b xxu||||| |||| 00| 0 eng d |
| 020 |
|
|
|a 813904071
|
| 082 |
|
|
|a 020
|
| 100 |
|
|
|a Mukhopadhyay, Asoknath
|
| 245 |
|
|
|a Guide to MARC 21 for cataloguing of books and serials/
|c Asoknath Mukhopadhyay
|
| 260 |
|
|
|a Bangalore
|b Viva
|c 2007
|
| 300 |
|
|
|a 489p.
|
| 500 |
|
|
|a with functional definitions, examples and working resources.
|
| 650 |
|
0 |
|a Library Science
|
| 942 |
|
|
|2 ddc
|c BK
|
| 999 |
|
|
|c 278529
|d 278529
|
| 952 |
|
|
|0 0
|1 0
|2 ddc
|4 0
|6 025_000000000000000_316MUK_G
|7 0
|9 313188
|a SDE
|b SDE
|c ST1
|d 2017-03-08
|g 895.00
|i 3593
|l 0
|o 025.316MUK/G
|p SDE3593
|r 2017-03-08
|y BK
|